Premier League XIs 1994-95 - Statistics

General Stats
  • This quiz has been taken 217 times
  • The average score is 89 of 242
Answer Stats
Position Answer % Correct
ST Alan Shearer Blackburn Rovers
90%
ST Ian Wright Arsenal
87%
GK David Seaman Arsenal
86%
MF Neil Adams Norwich City
86%
DF Tony Adams Arsenal
86%
DF Rob Jones Liverpool
85%
MF Ryan Giggs Manchester United
85%
MF Vinnie Jones Wimbledon
85%
DF Denis Irwin Manchester United
83%
GK Peter Schmeichel Manchester United
83%
MF Roy Keane Manchester United
83%
DF Gary Neville Manchester United
81%
ST Mark Hughes Manchester United
78%
MF Paul Ince Manchester United
78%
ST Robbie Fowler Liverpool
78%
ST Teddy Sheringham Tottenham Hotspur
78%
ST Chris Sutton Blackburn Rovers
77%
DF Gary Pallister Manchester United
77%
ST Ian Rush Liverpool
77%
DF Steve Bruce Manchester United
77%
ST Dwight Yorke Aston Villa
76%
DF Henning Berg Blackburn Rovers
76%
GK David James Liverpool
74%
DF Lee Dixon Arsenal
73%
ST Les Ferdinand Queens Park Rangers
72%
MF John Barnes Liverpool
71%
MF Ray Parlour Arsenal
71%
GK Tim Flowers Blackburn Rovers
71%
DF Sol Campbell Tottenham Hotspur
69%
ST Matt Le Tissier Southampton
68%
MF Jamie Redknapp Liverpool
67%
DF Graeme Le Saux Blackburn Rovers
65%
DF Martin Keown Arsenal
65%
DF Nigel Winterburn Arsenal
65%
MF Steve McManaman Liverpool
65%
MF Andrei Kanchelskis Manchester United
64%
DF Steve Bould Arsenal
64%
DF Andy Pearce Sheffield Wednesday
63%
DF Ian Pearce Blackburn Rovers
63%
DF Stuart Pearce Nottingham Forest
63%
ST Dion Dublin Coventry City
62%
ST Brian McClair Manchester United
60%
DF Colin Hendry Blackburn Rovers
59%
DF Des Walker Sheffield Wednesday
59%
GK Ian Walker Tottenham Hotspur
59%
MF Tim Sherwood Blackburn Rovers
59%
GK Mark Bosnich Aston Villa
58%
GK Nigel Martyn Crystal Palace
58%
ST Jürgen Klinsmann Tottenham Hotspur
56%
GK Neville Southall Everton
56%
MF Paul Merson Arsenal
56%
ST Peter Beardsley Newcastle United
56%
DF Frank Sinclair Chelsea
55%
DF Gareth Southgate Crystal Palace
55%
MF Gary Speed Leeds United
55%
MF Ian Taylor Aston Villa
55%
MF Trevor Sinclair Queens Park Rangers
55%
MF Gary McAllister Leeds United
54%
DF Neil Ruddock Liverpool
54%
DF Phil Babb Liverpool
54%
MF Stuart Ripley Blackburn Rovers
54%
ST Duncan Ferguson Everton
53%
MF Rob Lee Newcastle United
53%
MF Steve Stone Nottingham Forest
53%
ST Stan Collymore Nottingham Forest
51%
ST Chris Armstrong Crystal Palace
50%
MF Darren Anderton Tottenham Hotspur
50%
DF Dave Watson Everton
49%
MF Jason Wilcox Blackburn Rovers
49%
MF Steve Watson Newcastle United
49%
ST Niall Quinn Manchester City
47%
DF Steve Staunton Aston Villa
47%
MF Andy Townsend Aston Villa
46%
ST Dean Saunders Aston Villa
46%
ST Iwan Roberts Leicester City
46%
GK John Lukic Leeds United
46%
DF John Scales Liverpool
46%
GK Pavel Srníček Newcastle United
46%
GK Tony Roberts Queens Park Rangers
46%
GK Bryan Gunn Norwich City
45%
DF Gary Kelly Leeds United
45%
DF Julian Dicks West Ham United
45%
GK Mark Crossley Nottingham Forest
45%
DF Steve Clarke Chelsea
45%
GK Steve Ogrizovic Coventry City
45%
ST Tony Cottee West Ham United
45%
DF Warren Barton Wimbledon
45%
DF Darren Peacock Newcastle United
42%
MF Gavin Peacock Chelsea
42%
ST Paul Rideout Everton
42%
ST Rod Wallace Leeds United
42%
MF Geraint Williams Ipswich Town
41%
DF Steve Howey Newcastle United
41%
MF Carlton Palmer Leeds United
40%
DF Clive Wilson Queens Park Rangers
40%
MF David Phillips Nottingham Forest
40%
MF Mark Atkins Blackburn Rovers
40%
ST Mark Bright Sheffield Wednesday
40%
DF Erland Johnsen Chelsea
38%
MF Ian Woan Nottingham Forest
38%
MF Ruel Fox Newcastle United
38%
MF John Jensen Arsenal
37%
DF Justin Edinburgh Tottenham Hotspur
37%
GK Kevin Pressman Sheffield Wednesday
37%
GK Luděk Mikloško West Ham United
37%
DF Paul McGrath Aston Villa
37%
GK Tony Coton Manchester City
37%
DF Ugo Ehiogu Aston Villa
37%
ST Uwe Rösler Manchester City
37%
ST Brian Deane Leeds United
36%
MF David White Leeds United
36%
GK Dmitri Kharine Chelsea
36%
DF Colin Cooper Nottingham Forest
35%
DF Gary Mabbutt Tottenham Hotspur
35%
GK Hans Segers Wimbledon
35%
DF Jeff Kenna Southampton
35%
MF Nick Barmby Tottenham Hotspur
35%
DF Richard Shaw Crystal Palace
35%
DF Stig Inge Bjørnebye Liverpool
35%
ST Bryan Roy Nottingham Forest
33%
DF Colin Hill Leicester City
33%
GK Craig Forrest Ipswich Town
33%
MF Marcus Gayle Wimbledon
33%
DF Matt Jackson Everton
33%
ST Paul Walsh Manchester City
33%
DF Terry Phelan Manchester City
33%
MF Andy Impey Queens Park Rangers
32%
ST Efan Ekoku Wimbledon
32%
ST Ian Marshall Ipswich Town
32%
DF John Beresford Newcastle United
32%
DF Ken Monkou Southampton
32%
MF Chris Waddle Sheffield Wednesday
31%
DF Earl Barrett Aston Villa
31%
MF Mark Draper Leicester City
31%
DF Richard Hall Southampton
31%
MF Andy Sinton Sheffield Wednesday
29%
GK Bruce Grobbelaar Southampton
29%
MF David Rocastle Chelsea
29%
DF Francis Benali Southampton
29%
ST John Spencer Chelsea
29%
DF Barry Venison Newcastle United
28%
DF David Wetherall Leeds United
28%
DF John Wark Ipswich Town
28%
DF Keith Curle Manchester City
28%
DF Steve Chettle Nottingham Forest
28%
ST Dean Holdsworth Wimbledon
27%
MF John Salako Crystal Palace
27%
MF Nicky Summerbee Manchester City
27%
DF Andy Hinchcliffe Everton
26%
DF David Unsworth Everton
26%
DF Dean Austin Tottenham Hotspur
26%
DF Gary Ablett Everton
26%
MF Stefan Schwarz Arsenal
26%
MF Martin Allen West Ham United
24%
DF Peter Atherton Sheffield Wednesday
24%
ST Peter Ndlovu Coventry City
24%
MF Barry Horne Everton
23%
DF Colin Calderwood Tottenham Hotspur
23%
MF David Howells Tottenham Hotspur
23%
DF Ian Nolan Sheffield Wednesday
23%
DF Nigel Worthington Leeds United
23%
ST Paul Furlong Chelsea
23%
ST Paul Kitson Newcastle United
23%
DF Shaun Teale Aston Villa
23%
DF Brian Borrows Coventry City
22%
MF Chris Bart-Williams Sheffield Wednesday
22%
MF Garry Flitcroft Manchester City
22%
MF John Moncur West Ham United
22%
MF Ray Houghton Aston Villa
22%
MF Simon Barker Queens Park Rangers
22%
DF Steve Potts West Ham United
22%
DF Alvin Martin West Ham United
21%
ST Ashley Ward Norwich City
21%
DF Chris Coleman Crystal Palace
21%
DF David Linighan Ipswich Town
21%
ST Kevin Gallen Queens Park Rangers
21%
DF Tim Breacker West Ham United
21%
DF Des Lyttle Nottingham Forest
19%
DF Ian Brightwell Manchester City
19%
MF Ian Holloway Queens Park Rangers
19%
MF Øyvind Leonhardsen Wimbledon
19%
MF Don Hutchison West Ham United
18%
MF Ian Bishop West Ham United
18%
MF John Sheridan Sheffield Wednesday
18%
DF Jon Newsome Norwich City
18%
DF Kenny Cunningham Wimbledon
18%
DF David Bardsley Queens Park Rangers
17%
DF David Busst Coventry City
17%
MF Jim Magilton Southampton
17%
DF Scott Minto Chelsea
17%
MF Darren Eadie Norwich City
15%
DF Dean Gordon Crystal Palace
15%
MF Ian Crook Norwich City
15%
MF Joe Parkinson Everton
15%
GK Kevin Poole Leicester City
15%
MF Peter Beagrie Manchester City
15%
MF Steve Sedgley Ipswich Town
15%
DF Alan Kimble Wimbledon
14%
DF Michel Vonk Manchester City
14%
DF Marc Hottiger Newcastle United
13%
MF Neil Maddison Southampton
13%
DF Simon Charlton Southampton
13%
DF Alan McDonald Queens Park Rangers
12%
DF Frank Yallop Ipswich Town
12%
MF Lars Bohinen Nottingham Forest
12%
DF Mark Bowen Norwich City
12%
DF Simon Grayson Leicester City
12%
DF Steve Morgan Coventry City
12%
MF John Ebbrell Everton
10%
DF John Pemberton Leeds United
10%
DF John Polston Norwich City
10%
MF Stuart Slater Ipswich Town
10%
DF Claus Thomsen Ipswich Town
9%
DF David Rennie Coventry City
9%
MF Matty Holmes West Ham United
9%
MF Nigel Spackman Chelsea
9%
MF Sean Flynn Coventry City
9%
MF Simon Milton Ipswich Town
9%
MF Graham Hyde Sheffield Wednesday
8%
MF Mike Milligan Norwich City
8%
MF Paul Cook Coventry City
8%
DF Ally Pickering Coventry City
6%
ST Andy Preece Crystal Palace
6%
DF Gary Elkins Wimbledon
6%
MF Lee Philpott Leicester City
6%
ST Neil Heaney Southampton
6%
DF Jimmy Willis Leicester City
5%
MF Mark Blake Leicester City
5%
MF Ricky Newman Crystal Palace
5%
ST Rob Newman Norwich City
5%
DF Steve Yates Queens Park Rangers
5%
MF Tommy Widdrington Southampton
5%
DF Tony Vaughan Ipswich Town
5%
DF Alan Reeves Wimbledon
4%
DF Darren Pitcher Crystal Palace
4%
DF Jakob Kjeldbjerg Chelsea
4%
DF Mike Whitlow Leicester City
4%
MF Darren Patterson Crystal Palace
3%
ST David Lowe Leicester City
3%
MF Julian Darby Coventry City
3%
DF Nicky Mohan Leicester City
3%
DF Carl Bradshaw Norwich City
1%
No matching quizzes found
Score Distribution
Percent of People with Each Score
Percentile by Number Answered
Your Score History
You have not taken this quiz